|
|
|
|
| LEADER |
00729naa a2200193 i 4500 |
| 001 |
publ21579 |
| 005 |
20210803155251.0 |
| 008 |
210609s2019 hu o 0|| zxx d |
| 020 |
|
|
|a 9789633066126
|
| 024 |
7 |
|
|a 30704842
|2 mtmt
|
| 040 |
|
|
|a SZTE Publicatio Repozitórium
|b hun
|
| 041 |
|
|
|a zxx
|
| 100 |
1 |
|
|a Kérchy Anna
|
| 245 |
1 |
0 |
|a Boundaries, Bridges, Becomings
|h [elektronikus dokumentum] :
|b Interspecies Politics in Contemporary Performance Arts /
|c Kérchy Anna
|
| 260 |
|
|
|a Americana E-Books
|b Szeged
|c 2019
|
| 300 |
|
|
|a 32
|
| 300 |
|
|
|a 51-60
|
| 490 |
0 |
|
|a Transnational Americas: Home(s), Borders and Transgressions
|
| 856 |
4 |
0 |
|u http://publicatio.bibl.u-szeged.hu/21579/1/Boundaries%2C%20Bridges%2C%20Becomings.pdf
|z Dokumentum-elérés
|